000 00530cab a2200205 4500
001 X1494
008 090401t1984 xxu||||| |||| 00| 0 eng d
035 _a(Sirsi) u17390
041 _aeng
245 _aNew incentive scheme will benefit surveyors says CNT
260 _c1984
350 _a0
490 _aCSM (Chartered Surveyor Monthly)
_v3(8) May 1984 11(1)
650 _aCOMMISSION FOR THE NEW TOWNS
650 _aFINANCIAL INCENTIVES
650 _aLAND SALES
690 _aLAND
942 _n0
948 _c04/03/1997
999 _c11534
_d11534